Building services and equipment (Record no. 9790)

000 -LEADER
fixed length control field 00306nam a2200133Ia 4500
003 - CONTROL NUMBER IDENTIFIER
control field OSt
005 - DATE AND TIME OF LATEST TRANSACTION
control field 20220302174339.0
008 - FIXED-LENGTH DATA ELEMENTS--GENERAL INFORMATION
fixed length control field 220112s9999||||xx |||||||||||||| ||und||
020 ## - INTERNATIONAL STANDARD BOOK NUMBER
International Standard Book Number 9780582229686
082 ## - DEWEY DECIMAL CLASSIFICATION NUMBER
Classification number 696
Item number HAL
100 ## - MAIN ENTRY--PERSONAL NAME
Personal name Hall, F. (Fred)
245 #0 - TITLE STATEMENT
Title Building services and equipment
942 ## - ADDED ENTRY ELEMENTS (KOHA)
Source of classification or shelving scheme
Holdings
Withdrawn status Lost status Source of classification or shelving scheme Damaged status Koha normalized classification for sorting Not for loan Permanent location Current location Date acquired Source of acquisition Cost, normal purchase price Full call number Barcode Date last seen Cost, replacement price Price effective from Koha item type
        696_000000000000000_HAL   BMS College of Architecture, Design and Planning BMS College of Architecture, Design and Planning 2022-03-02 4 4778.08 696 HAL AR-UG2373 2022-03-02 6370.77 2022-03-02 UG Books
Copyright © 2025, The Librarian, Library and Information Centre, BMSCA D&P, Bengaluru. All Rights Reserved
web counter

Powered by Koha